| 000 | 01330nam a2200361 a 4500 | ||
|---|---|---|---|
| 001 | 000114761 | ||
| 003 | CHAP | ||
| 005 | 20220329144456.0 | ||
| 008 | 180410s2018 mx a fsm |||||||spa d | ||
| 010 | _a111222 | ||
| 011 | _a112194 | ||
| 040 | _cCHAP | ||
| 090 | _aTesis | ||
| 100 | 1 |
_aBriones Ruiz, Gregorio _9135059 |
|
| 245 | 1 | 0 |
_aEstrategia competitiva para fortalecer a pequeños productores de café del centro de Veracruz, México / _h[En línea] _cpor Gregorio Briones Ruiz. |
| 260 |
_aChapingo, Méx. : _bEl autor, _c2018. |
||
| 500 | _aPara ver el contenido del material haga clic en la liga | ||
| 502 | _aTesis (Maestro en Estrategia Agroempresarial) -- UACH. CIESTAAM | ||
| 590 |
_aBATCH _b00 _c20181121 _lUCH01 _h0759 |
||
| 590 |
_aE8697GMM _b05 _c20180410 _lUCH01 _h0847 |
||
| 590 |
_aE8697GMM _b05 _c20180410 _lUCH01 _h0853 |
||
| 590 |
_aE8697GMM _b05 _c20180410 _lUCH01 _h0854 |
||
| 590 |
_aE8697GMM _b05 _c20180410 _lUCH01 _h0945 |
||
| 650 | 1 | 4 |
_aCafé _xMercadeo. _917169 |
| 650 | 1 | 4 |
_aCafé _xOrganización de productores. _9132166 |
| 650 | 1 | 4 |
_aCafé _xProducción _zVeracruz. _9135063 |
| 650 | 1 | 4 |
_aOrganización de productores _xCapacitación. _9134045 |
| 856 |
_a1 _n0001036 |
||
| 856 |
_aFinding aid _uhttp://10.13.5.2/tesis/sist114761.pdf _zTeclea aquí |
||
| 901 | _aBK | ||
| 942 | _cTESIS | ||
| 942 | _n0 | ||
| 999 |
_c111222 _d111222 |
||